000 00690nam a2200277Ia 4500
005 20260320195753.0
008 008 262003s9999 xx 000 0 hin d
020 _a9789387462823
037 _aEBOOK
040 _aCRL
040 _bhin
040 _cCRL
041 _2hin
041 _ahin
084 _qCRL
100 _aगीत चतुर्वेदी
_91132751
245 0 _aसावंत आंटी की लड़कियाँ
250 _a1st
260 _bRajkamal
260 _c2019
300 _a176
856 _uhttps://ebook.indiaread.in/pdfs/savant_anti_ki_ladkiyan.pdf
942 _cEBOOK
999 _c1716410
_d1716410